<?xml version="1.0" encoding="UTF-8"?>
<collection xmlns="http://www.loc.gov/MARC21/slim">
<record>
  <controlfield tag="001">110638</controlfield>
  <controlfield tag="005">20220211154612.0</controlfield>
  <datafield tag="037" ind1=" " ind2=" ">
    <subfield code="a">TESIS-2022-034</subfield>
  </datafield>
  <datafield tag="041" ind1=" " ind2=" ">
    <subfield code="a">spa</subfield>
  </datafield>
  <datafield tag="080" ind1=" " ind2=" ">
    <subfield code="a">931</subfield>
  </datafield>
  <datafield tag="100" ind1="1" ind2=" ">
    <subfield code="a">Sanz Casasnovas, Gabriel</subfield>
  </datafield>
  <datafield tag="245" ind1="0" ind2="0">
    <subfield code="a">La alteridad cultural en época teodosiana: Amiano Marcelino y los bárbaros</subfield>
  </datafield>
  <datafield tag="260" ind1=" " ind2=" ">
    <subfield code="a">Zaragoza</subfield>
    <subfield code="b">Universidad de Zaragoza, Prensas de la Universidad</subfield>
    <subfield code="c">2021</subfield>
  </datafield>
  <datafield tag="300" ind1=" " ind2=" ">
    <subfield code="a">422</subfield>
  </datafield>
  <datafield tag="490" ind1="0" ind2=" ">
    <subfield code="a">Tesis de la Universidad de Zaragoza</subfield>
    <subfield code="x">2254-7606</subfield>
    <subfield code="v">2021-349</subfield>
  </datafield>
  <datafield tag="500" ind1=" " ind2=" ">
    <subfield code="a">Presentado:  20 01 2021</subfield>
  </datafield>
  <datafield tag="502" ind1=" " ind2=" ">
    <subfield code="a">Tesis-Univ. Zaragoza,  , 2021</subfield>
    <subfield code="b">Zaragoza, Universidad de Zaragoza</subfield>
    <subfield code="c">2021</subfield>
  </datafield>
  <datafield tag="520" ind1=" " ind2=" ">
    <subfield code="a">La presente tesis doctoral investiga la inferiorización, deshumanización y destrucción física de las distintas poblaciones agrupadas por las fuentes antiguas bajo el término βάρβαροι/barbari. Para ello, se centra en los años 350-400 tomando como base la obra de Amiano Marcelino. La tesis consta de tres partes. En la primera, se ofrece un estado de la cuestión sobre el estudio del racismo en la Antigüedad Clásica, y se propone un enfoque restringido que permita formular hipótesis de trabajo sólidas (Capítulo 1). A continuación, se presenta un corpus textual con todos los pasajes de las Res gestae en los que aparecen el término barbarus y sus derivados (Capítulo 2). La segunda parte de la tesis analiza la construcción textual de la alteridad bárbara en la obra de Amiano. Siguiendo a Dauge, que distinguió entre un «polo caliente» y un «polo frío» de la barbarie, se examinan las digresiones etnográficas dedicadas a los persas (Capítulo 3) y los hunos (Capítulo 4). Además, se presta una atención especial a la racionalización del prejuicio por medio de disciplinas científicas (Capítulo 5). La tercera parte de la tesis, finalmente, toma en consideración las prácticas de violencia ejercidas contra los barbari, a saber: la masacre (Capítulo 6), el traslado de población (Capítulo 7) y la exhibición y destrucción espectacular de los vencidos (Capítulo 8). El trabajo se completa con unos anexos que incluyen una nótula filológica, traducciones y figuras.&lt;br /></subfield>
  </datafield>
  <datafield tag="506" ind1=" " ind2=" ">
    <subfield code="a">by-nc-nd</subfield>
    <subfield code="b">Creative Commons</subfield>
    <subfield code="c">3.0</subfield>
    <subfield code="u">http://creativecommons.org/licenses/by-nc-nd/3.0/es</subfield>
  </datafield>
  <datafield tag="520" ind1=" " ind2=" ">
    <subfield code="a">&lt;br /></subfield>
  </datafield>
  <datafield tag="521" ind1=" " ind2=" ">
    <subfield code="9">7065</subfield>
    <subfield code="a">Programa de Doctorado en Ciencias de la Antigüedad</subfield>
  </datafield>
  <datafield tag="653" ind1="1" ind2=" ">
    <subfield code="a">historia antigua</subfield>
  </datafield>
  <datafield tag="700" ind1=" " ind2=" ">
    <subfield code="a">Dra. Dª María Victoria Escribano Paño</subfield>
    <subfield code="e">dir.</subfield>
  </datafield>
  <datafield tag="710" ind1="2" ind2=" ">
    <subfield code="a">Universidad de Zaragoza</subfield>
    <subfield code="b"> </subfield>
  </datafield>
  <datafield tag="830" ind1=" " ind2=" ">
    <subfield code="9">477</subfield>
  </datafield>
  <datafield tag="856" ind1="0" ind2=" ">
    <subfield code="f">cdeurop@unizar.es</subfield>
  </datafield>
  <datafield tag="856" ind1="4" ind2=" ">
    <subfield code="u">http://zaguan.unizar.es/record/110638/files/TESIS-2022-034.pdf</subfield>
    <subfield code="z">Texto completo (spa)</subfield>
    <subfield code="s">4997597</subfield>
  </datafield>
  <datafield tag="909" ind1="C" ind2="O">
    <subfield code="o">oai:zaguan.unizar.es:110638</subfield>
    <subfield code="p">driver</subfield>
    <subfield code="p">tesis</subfield>
  </datafield>
  <datafield tag="910" ind1="2" ind2=" ">
    <subfield code="a"></subfield>
    <subfield code="b"> </subfield>
  </datafield>
  <datafield tag="980" ind1=" " ind2=" ">
    <subfield code="a">TESIS</subfield>
  </datafield>
</record>
</collection>